Home counties - Statistics

General Stats
  • This quiz has been taken 47 times
  • The average score is 5 of 6
Answer Stats
Answer % Correct
Essex
100%
Surrey
89%
Kent
87%
Buckinghamshire
80%
Berkshire
76%
Hertfordshire
76%
No matching quizzes found
Score Distribution
Percent of People with Each Score
Percentile by Number Answered
Your Score History
You have not taken this quiz